000 00210nam a22000857a 4500
008 170117b xxu||||| |||| 00| 0 eng d
100 _92451
_aCBSE
245 _aSocial Science-F.A.-IX
260 _aNew Delhi
_bCBSE
_c2010
999 _c5509
_d5509